000 00809cam a2200205 i 4500
005 20251223100336.0
008 250721s2005 ua gr 000 0 ara d
082 1 4 _a218.51
_bع ث ي
100 1 _aالعثيمين، محمد بن صالح
_eمؤلف.
245 1 2 _aالضياء اللامع من الخطب الجوامع /
_cتأليف فضيلة الشيخ محمد بن صالح العثيمين ؛ خرج أحاديثه أحمد بن شعبان بن أحمد.
250 _aالطبعة الأولى.
264 3 1 _aالقاهرة :
_bمكتبة الصفا،
_c2005.
300 _aالجزء الأول.
650 1 7 _aالإسلام.
650 1 7 _aالوعظ.
650 1 7 _aخطبة صلاة الجمعة.
650 1 7 _aالمواعظ.
942 _2ddc
_cBK
999 _c96662
_d96662